| 000 | 01514cam a22004095a 4500 | ||
|---|---|---|---|
| 001 | 14111851 | ||
| 005 | 20150811135228.0 | ||
| 008 | 050916s2009 ne a fr 001 0 eng d | ||
| 010 | _a 2005282302 | ||
| 015 |
_aGBA556365 _2bnb |
||
| 016 | 7 |
_a013245244 _2Uk |
|
| 020 | _a0123746396 | ||
| 020 | _a9780123746399 | ||
| 035 | _a(OCoLC)ocm60837702 | ||
| 040 |
_aUKM _beng _cUKM _dBAKER _dDLC _dEG-ScBUE |
||
| 042 | _alccopycat | ||
| 050 | 0 | 0 |
_aTJ163.9 _b.D3 2005 |
| 082 | 0 | 4 |
_a621.042 _222 _bDAR |
| 100 | 1 |
_aDa Rosa, Aldo Vieira. _911556 |
|
| 245 | 1 | 0 |
_aFundamentals of renewable energy processes / _cAldo Vieira da Rosa. |
| 250 | _a2nd ed. | ||
| 260 |
_aBurlington, Massachusetts ; _aSan Diego, California ; _aLondon, United Kingdom : _bElsevier Academic Press, _cc.2009. |
||
| 300 |
_axix, 844 p : _bill., charts ; _c23 cm. |
||
| 500 | _aIndex : p. 829-844. | ||
| 504 | _aIncludes bibliographical references. | ||
| 590 | _adoaa mohamed | ||
| 650 | 0 |
_aRenewable energy sources. _911557 _2BUEsh |
|
| 650 | 0 |
_aPower (Mechanics) _911558 _2BUEsh |
|
| 650 | 0 |
_aEnvironmental engineering. _911559 _2BUEsh |
|
| 651 | _2BUEsh | ||
| 653 | _bENGMEC | ||
| 655 |
_vreading book _934232 |
||
| 856 | 4 | 2 |
_3Publisher description _uhttp://www.loc.gov/catdir/enhancements/fy0627/2005282302-d.html |
| 856 | 4 | 1 |
_3Table of contents only _uhttp://www.loc.gov/catdir/enhancements/fy0627/2005282302-t.html |
| 942 |
_2ddc _cBB |
||
| 999 |
_c13432 _d13432 |
||